书目信息 |
| 题名: |
自我药疗
|
|
| 作者: | ;自我药疗编委会 编 | |
| 分册: | 第1卷 | |
| 出版信息: | 北京 化学工业出版社 2008 |
|
| 页数: | 123页 | |
| 开本: | 25cm | |
| 丛书名: | 合理用药专业指南 | |
| 单 册: | ||
| 中图分类: | R453 | |
| 科图分类: | ||
| 主题词: | 药物疗法--yao wu liao fa , 疼痛--teng tong--药物疗法 | |
| 电子资源: | ||
| ISBN: | 978-7-122-00856-5 | |
| 000 | 01016nam 2200277 450 | |
| 001 | 0100000183 | |
| 005 | 20080611151550.03 | |
| 010 | @a978-7-122-00856-5@dCNY15.00 | |
| 100 | @a20080525d2008 em y0chiy0121 ea | |
| 101 | 0 | @achi |
| 102 | @aCN@b110000 | |
| 105 | @aa z 000yy | |
| 200 | 1 | @a自我药疗@Azi wo yao liao@d= Medication self@e疼痛@h第1卷@f《自我药疗》编委会编@zeng |
| 210 | @a北京@c化学工业出版社@d2008 | |
| 215 | @a123页@c图@d25cm | |
| 225 | 2 | @a合理用药专业指南@Ahe li yong yao zhuan ye zhi na |
| 330 | @a本书记录您一生购药、用药过程, 每一次服药情况, 每一次用药原因, 每一次可能发生的不良反应, 历历在案, 方便医生和药师问您提供正确的, 个性化的用药指导。 | |
| 410 | 0 | @12001 @a合理用药专业指南 |
| 510 | 1 | @amedication self@zeng |
| 517 | 1 | @a疼痛@Ateng tong |
| 606 | 0 | @a药物疗法@Ayao wu liao fa |
| 606 | 0 | @a疼痛@Ateng tong@x药物疗法 |
| 690 | @aR453@v4 | |
| 711 | 01 | @a自我药疗编委会@Azi wo yao liao bian wei hui@4编 |
| 801 | 0 | @aCN@c20080611 |
| 905 | @b20800360-62@dR453@eZ957@fR453/Z957 | |
| 自我药疗= Medication self:疼痛.第1卷/《自我药疗》编委会编.-北京:化学工业出版社,2008 |
| 123页:图;25cm.-(合理用药专业指南) |
| ISBN 978-7-122-00856-5:CNY15.00 |
| 本书记录您一生购药、用药过程, 每一次服药情况, 每一次用药原因, 每一次可能发生的不良反应, 历历在案, 方便医生和药师问您提供正确的, 个性化的用药指导。 |
| ● |
| 相关链接 |
|
|
|
正题名:自我药疗
索取号:R453/Z957
 
预约/预借
| 序号 | 登录号 | 条形码 | 馆藏地/架位号 | 状态 | 备注 |
| 1 | 800022 | 208000223 | 自科库401/401自科库 17排1列4层/ [索取号:R453/Z957] | 在馆 | |
| 2 | 800023 | 208000232 | 自科库401/401自科库 17排1列4层/ [索取号:R453/Z957] | 在馆 | |
| 3 | 800024 | 208000241 | 自科库401/401自科库 17排1列4层/ [索取号:R453/Z957] | 在馆 |